| Tag |
First Indicator |
Second Indicator |
Subfields |
| LEADER |
00000cam a2200000Ia 4500 |
| 001 |
in00002783000 |
| 005 |
20211120170438.0 |
| 006 |
m o d f |
| 007 |
cr mn||||||||| |
| 008 |
121107s2012 vaua obt f000 0 eng d |
| 035 |
|
|
|a (OCoLC)ocn816311040
|
| 040 |
|
|
|a GPO
|c GPO
|d MvI
|d UtOrBLW
|
| 049 |
|
|
|a WWW
|
| 074 |
|
|
|a 0830-D (online)
|
| 086 |
0 |
|
|a NAS 1.15:2012-217597
|
| 245 |
0 |
0 |
|a Transmission electron microscopy (TEM) sample preparation of Si[subscript 1-x]Ge[subscript x] in c-plane sapphire substrate /
|c Hyun Jung Kim [and others].
|
| 246 |
3 |
|
|a Transmission electron microscopy (TEM) sample preparation of Si1-xGex in c-plane sapphire substrate
|
| 264 |
|
1 |
|a Hampton, Va. :
|b National Aeronautics and Space Administration, Langley Research Center,
|c [2012]
|
| 300 |
|
|
|a 1 online resource (ix, 29 pages) :
|b illustrations (some color).
|
| 336 |
|
|
|a text
|b txt
|2 rdacontent
|
| 337 |
|
|
|a computer
|b c
|2 rdamedia
|
| 338 |
|
|
|a online resource
|b cr
|2 rdacarrier
|
| 490 |
1 |
|
|a NASA/TM ;
|v 2012-217597
|
| 500 |
|
|
|a Title from title screen (viewed on Nov. 7, 2012).
|
| 500 |
|
|
|a "August 2012."
|
| 504 |
|
|
|a Includes bibliographical references (page 29).
|
| 536 |
|
|
|a Sponsored by National Aeronautics and Space Administration
|h 392259.02.07.9923.11
|
| 536 |
|
|
|d L-20166
|
| 500 |
|
|
|a Electronic resource.
|
| 650 |
|
7 |
|a Ion beams.
|2 nasat
|
| 650 |
|
7 |
|a Sapphire.
|2 nasat
|
| 650 |
|
7 |
|a Transmission electron microscopy.
|2 nasat
|
| 650 |
|
7 |
|a X ray diffraction.
|2 nasat
|
| 650 |
|
7 |
|a Single crystals.
|2 nasat
|
| 650 |
|
7 |
|a Rhombohedrons.
|2 nasat
|
| 650 |
|
7 |
|a Germanium.
|2 nasat
|
| 650 |
|
7 |
|a Density measurement.
|2 nasat
|
| 650 |
|
7 |
|a Crystal structure.
|2 nasat
|
| 700 |
1 |
|
|a Kim, Hyun Jung.
|
| 710 |
2 |
|
|a Langley Research Center.
|
| 830 |
|
0 |
|a NASA technical memorandum ;
|v 2012-217597.
|
| 856 |
4 |
0 |
|u https://purl.fdlp.gov/GPO/gpo30968
|t 0
|
| 999 |
|
|
|a MARS
|
| 999 |
f |
f |
|s da50575a-9075-3f0f-a03a-22e14998e62f
|i 57294c21-ff21-3a3c-93d8-eb7869a66622
|t 0
|
| 952 |
f |
f |
|a Texas A&M University
|b College Station
|c Electronic Resources
|d Available Online
|t 0
|e NAS 1.15:2012-217597
|h Superintendent of Documents classification
|
| 998 |
f |
f |
|a NAS 1.15:2012-217597
|t 0
|l Available Online
|